Statistics for Weird/Strange Batman Villians

Click here to take the quiz!

General Stats

  • This quiz has been taken 25 times
  • The average score is 10 of 16

Answer Stats

Answer% Correct
Harley Quinn
100%
The Joker
100%
The Riddler
100%
Poison Ivy
95%
Polka-Dot Man
86%
The Mad Hatter
86%
Condiment King
71%
Maxie Zeus
71%
Professor Pyg
71%
Calendar Man
57%
The Ventriloquist And Scarface
57%
The Eraser
52%
Crazy Quilt
24%
Deacon Blackfire
24%
Lord Death Man
10%
Ten-Eyed Man
10%

Score Distribution

Percentile by Number Answered

Percent of People with Each Score

Your Score History

You have not taken this quiz